Normal view
MARC view
Entry Topical Term
001 - CONTROL NUMBER
- control field: 25947
003 - CONTROL NUMBER IDENTIFIER
- control field:
005 - DATE AND TIME OF LATEST TRANSACTION
- control field: 20250929085649.0
008 - FIXED-LENGTH DATA ELEMENTS
- fixed length control field: 250929|| aca||aabn | a|a d
040 ## - CATALOGING SOURCE
- Original cataloging agency:
- Transcribing agency:
150 ## - HEADING--TOPICAL TERM
- Topical term or geographic name as entry element: Christian education
- General subdivision: Activity programs
670 ## - SOURCE DATA FOUND
- Source citation: Work cat.: ()13352: Russell, Joseph P. 25944, Sharing our Biblical story :, 1979.